[Event "Kaupthing Open 2008"]
[Site "Differdange LUX"]
[Date "2008.05.17"]
[Round "9.7"]
[White "Schlosser, Philipp"]
[Black "Wirig, Anthony"]
[Result "1-0"]
[WhiteElo "2562"]
[BlackElo "2477"]
[PlyCount "69"]
[EventDate "2008.05.10"]
[EventType "swiss"]
[EventRounds "9"]
[EventCountry "LUX"]
[Source "lmi"]
[SourceDate "2008.05.10"]

1. Nf3 Nf6 2. c4 e6 3. Nc3 Bb4 4. Qc2 d6 5. g3 O-O 6. Bg2 Bxc3 7. dxc3 h6 8.
O-O Re8 9. Nh4 e5 10. Nf5 e4 11. Ne3 Qe7 12. Bd2 b6 13. f4 c6 14. Rad1 Na6 15.
Be1 Nc7 16. Qa4 Bd7 17. Qa3 c5 18. h3 h5 19. Bf2 a5 20. b3 Rad8 21. Rd2 Bc6 22.
Qb2 d5 23. Rfd1 b5 24. cxd5 Ncxd5 25. c4 bxc4 26. bxc4 Rb8 27. Qe5 Qf8 28. Qg5
Nc7 29. f5 Red8 30. Qf4 Rxd2 31. Rxd2 Qe7 32. g4 hxg4 33. hxg4 Nfe8 34. g5 Rd8
35. f6 1-0